• 首页
  • 本馆介绍
  • 公告通知
  • 最新文献
  • 馆藏检索
  • 电子资源
  • 读者导购
  • 参考咨询
  • 我的图书馆
  • 登录
  • 详细信息显示
  • 放入我的书架
  • 预约/预借图书
  • 作者相关作品
  • 分类相关作品
  • 丛书相关作品
  • 出版社相关作品

书目信息

  • 表格格式
  • 工作单格式
  • 卡片格式
题名:
加速器物理基础
    
 
作者: Гринберг , 格林别尔格 著 ;京华 编译
分册:  
出版信息: 北京   人民教育出版社  1961
页数: 280页
开本: 21cm
丛书名:
单 册:
中图分类: TL501
科图分类:
主题词: 加速器--理论--高等学校--教材 , 加速器
电子资源:
ISBN:
000 00908nam0 2200301 45 981
001 0657751536
005 20060820145655.76
010    @dCNY0.85
091    @a13010.982
100    @a19960201d1961 em y0chiy0121 ea
101 1  @achi@crus
102    @aCN@b110000
105    @aaf j 000yy
106    @ar
200 10 @a加速器物理基础@f(苏)格林别尔格,А.П.著@Ajia su qi wu li ji chu@g京华编译
210    @a北京@c人民教育出版社@d1961
215    @a280页@c表,图@d21cm
300    @a高等学校教学用书
300    @a内部教材
300    @a本书据著者的讲义"带电质点加速方法的物理基础"补充编写而成.
606    @a加速器@x理论@x高等学校@x教材
606 0  @a加速器
690    @aTL501@v3
701 A1 @aГринберг@bА.П.@f苏@4著@AГринберг
701  1 @a格林别尔格@bА.П.@f苏@4著@Age lin bie er ge
702  0 @a京华@4编译@Ajing hua
801 0  @c20060820
905    @a10447@dTL501@e26
    
    加速器物理基础/(苏)格林别尔格,А.П.著/京华编译 .-北京:人民教育出版社,1961
    280页:表,图;21cm
    高等学校教学用书.-内部教材.-本书据著者的讲义"带电质点加速方法的物理基础"补充编写而成.
    
    ISBN :CNY0.85
    
●
相关链接 在E读中查询图书 在五车中查询图书 在当当中查询图书 在豆瓣中查询图书


正题名:加速器物理基础     索取号:TL501/26         预约/预借

序号 登录号 条形码 馆藏地/架位号 状态 备注
1 0439187   204391871   密集书库/ [索取号:TL501/26] 在馆    
2 0470381   204703810   密集书库/ [索取号:TL501/26] 在馆    
唐山师范学院图书馆 欢迎您!
大连网信软件有限公司© 版权所有